Nel cuore dell'apostolo. (Record n. 358171)
[ formato base ]
| 000 -LEADER | |
|---|---|
| fixed length control field | 00727nam a22002177a 4500 |
| 003 - CONTROL NUMBER IDENTIFIER | |
| control field | IT-MiSPE |
| 005 - DATE AND TIME OF LATEST TRANSACTION | |
| control field | 20190326171652.0 |
| 008 - FIXED-LENGTH DATA ELEMENTS--GENERAL INFORMATION | |
| fixed length control field | 190326b ||||| |||| 00| 0 eng d |
| 020 ## - INTERNATIONAL STANDARD BOOK NUMBER | |
| International Standard Book Number | 8851400628 |
| Terms of availability | 11.00 EUR |
| 040 ## - CATALOGING SOURCE | |
| Original cataloging agency | IT-MiSPE |
| Language of cataloging | ita |
| Transcribing agency | IT-MiSPE |
| Modifying agency | IT-MiSPE |
| 082 ## - DEWEY DECIMAL CLASSIFICATION NUMBER | |
| Classification number | 227.07-BRO fr ne (23242) |
| 100 ## - MAIN ENTRY--PERSONAL NAME | |
| Personal name | Brovelli, Franco. |
| Dates associated with a name | 1941-, |
| Relator term | autore |
| 9 (RLIN) | 57695 |
| 245 ## - TITLE STATEMENT | |
| Title | Nel cuore dell'apostolo. |
| Remainder of title | In ascolto di san Paolo / |
| Statement of responsibility, etc. | Franco Brovelli |
| 260 ## - PUBLICATION, DISTRIBUTION, ETC. (IMPRINT) | |
| Place of publication, distribution, etc. | Milano : |
| Name of publisher, distributor, etc. | Ancora, |
| Date of publication, distribution, etc. | 2002. |
| 300 ## - PHYSICAL DESCRIPTION | |
| Extent | 159 p. |
| Dimensions | 19 cm |
| 490 ## - SERIES STATEMENT | |
| Series statement | Testi spirituali |
| 600 ## - SUBJECT ADDED ENTRY--PERSONAL NAME | |
| Personal name | Paulus Apostolus |
| Titles and other words associated with a name | santo |
| 9 (RLIN) | 57523 |
| 630 ## - SUBJECT ADDED ENTRY--UNIFORM TITLE | |
| Uniform title | Biblia. |
| 9 (RLIN) | 57643 |
| 655 ## - INDEX TERM--GENRE/FORM | |
| Genre/form data or focus term | Sacra Scrittura. Spiritualità. |
| General subdivision | Paolo: spiritualità e formazione |
| 9 (RLIN) | 57696 |
| 942 ## - ADDED ENTRY ELEMENTS (KOHA) | |
| Source of classification or shelving scheme | Dewey Decimal Classification |
| Koha item type | LIBRO |
| Withdrawn status | Lost status | Source of classification or shelving scheme | Damaged status | Not for loan | Home library | Current library | Date acquired | Total Checkouts | Full call number | Barcode | Date last seen | Price effective from | Koha item type |
|---|---|---|---|---|---|---|---|---|---|---|---|---|---|
| Dewey Decimal Classification | Buone Condizioni | Not For Loan | CINISELLO | CINISELLO | 26/03/2019 | 227.07-BRO fr ne (23242) | 9788851400628 | 26/03/2019 | 26/03/2019 | LIBRO |